[Event "Olympiad-36"]
[Site "Mallorca"]
[Date "2004.10.27"]
[Round "12"]
[White "Ganguly, Surya Shekhar"]
[Black "Roiz, Michael"]
[Result "1/2-1/2"]
[WhiteElo "2559"]
[BlackElo "2560"]
[Annotator "Roiz,M"]
[PlyCount "86"]
[EventDate "2004.10.15"]
[EventType "team-swiss"]
[EventRounds "14"]
[EventCountry "ESP"]
[SourceTitle "CBM 104"]
[Source "ChessBase"]
[SourceDate "2005.01.27"]
[SourceVersion "1"]
[SourceVersionDate "2005.01.27"]
[SourceQuality "1"]
[WhiteTeam "India"]
[BlackTeam "Israel"]
[WhiteTeamCountry "IND"]
[BlackTeamCountry "ISR"]

1. e4 c5 2. Nf3 d6 3. d4 cxd4 4. Nxd4 Nf6 5. Nc3 a6 6. Be2 e5 7. Nb3 Be7 8. Bg5
{This move has gained some popularity after the game Kramnik-Anand/Wijk aan
Zee 2004. White wants to exploit the weakness of the central spot d5, leaving
an opportunity of qside castle. My opponent had already some experience in
this variation (with excellent results!)} O-O (8... Nbd7 9. a4 b6 (9... h6 10.
Be3 b6 11. O-O O-O 12. f3 Bb7 13. Rf2 Rc8 14. Bf1 Rc7 {1/2-1/2 Ni Hua-Sakaev,K/
Moscow CHN 2004/The Week in Chess 510 (14)}) 10. Bc4 Bb7 11. Qe2 O-O 12. O-O
Qc7 13. Rfd1 h6 (13... Rfc8 14. Nd2 h6 15. Bxf6 Nxf6 16. Bb3 Bf8 17. Nf1 Bc6
18. f3 b5 19. Ne3 Qb6 20. Kh1 bxa4 21. Nxa4 Qb7 22. Qd2 Rd8 {1/2-1/2 Karpov,
A-Balashov,Y/Riga 1970/ (53)}) 14. Bxf6 Nxf6 15. Nd5 Nxd5 16. Bxd5 Bxd5 17.
Rxd5 $14 {1-0 Kramnik,V-Gelfand,B/Cap d'Agde 2003/CBM 98/[Ftacnik] (39)}) (8...
Be6 9. Bxf6 Bxf6 10. Qd3 Nc6 11. O-O-O Nd4 12. Nxd4 exd4 13. Nd5 Bxd5 14. exd5
O-O 15. Qf3 Re8 (15... d3 16. Bxd3 Be5 17. h4 Rc8 18. c3 f5 19. Bxf5 g6 20.
Be6+ Kg7 21. Qe2 Qb6 22. f3 Rc5 23. Rd3 Rf4 24. Qc2 Rb4 25. b3 $16 {1-0
Ganguly,S-Sutovsky,E/Pune IND 2004/The Week in Chess 514 (40)}) 16. Bd3 Re5 17.
Kb1 Qa5 18. g4 Rae8 19. a3 Qxd5 20. Qxd5 Rxd5 $11 {1/2-1/2 Zatonskih,A-De
Firmian,N/San Diego USA 2004 (45)}) 9. Bxf6 (9. Nd2 Nxe4 (9... Nc6 10. Nc4 Nd4
11. Bxf6 Bxf6 12. Nd5 Be6 13. Ncb6 Bxd5 14. Nxd5 Bg5 15. O-O g6 16. c3 $14 {
1/2-1/2 Navara,D-Rashkovsky,N/Oberwart 2003/CBM 95 ext (44)}) 10. Bxe7 Nxc3 11.
Bxd8 Nxd1 12. Be7 Re8 13. Nc4 Nxb2 14. Nb6 $132 {1-0 Fischer,R-Ghitescu,T/
Leipzig 1960/EXT 99 (43)}) 9... Bxf6 10. Qd3 Be6 ({My opponent has already
played that position at the same event:} 10... Nc6 11. O-O-O Be7 12. Nd5 Be6
13. Kb1 Bg5 14. g3 a5 15. h4 Bf6 16. c3 a4 17. Nd2 a3 18. b3 Bxd5 19. exd5 Nb8
20. g4 $14 {1-0 Ganguly,S-Paragua,M/Calvia ESP 2004/The Week in Chess 520 (52)}
) 11. Nd5 $5 $146 {A new attempt to fight for the opening advantage - white
leaves an opportunity of kside castle.} (11. O-O-O Be7 12. Nd5 Bxd5 13. Qxd5
Qb6 $1 {[%csl Gb6,Rf2][%cal Gb6f2] A strong improvement, which solves all the
problems.} 14. Rhf1 Nd7 15. Kb1 Nf6 16. Qd3 Rfd8 $11 {0-1 Delchev,A-Sutovsky,E/
Calvia ESP 2004/The Week in Chess 520 (52)}) 11... Bg5 $5 {A provocation of
white's next move.} (11... Be7 12. O-O (12. O-O-O Bxd5 13. Qxd5 Qb6 {-->leads
to a mentioned game Delchev-Sutovsky.}) ({but comes to consideration also:} 12.
Rd1 $5 Bg5 13. h4 Bxh4 $132) 12... Nd7 13. Rad1 Bg5 {with a ''Sveshnikov''
type of position. The position seems to be approximately equal.}) (11... Nd7
12. O-O-O Bg5+ 13. Kb1) 12. h4 {That ambitious move is the only way to fight
for the opening advantage.} ({After} 12. O-O Nd7 13. Rad1 Rc8 14. c3 Kh8 $132 {
[%csl Rb3][%cal Gf7f5] black is at least not worse.}) 12... Be7 (12... Bxh4 $5
13. O-O-O (13. g3 $5 {Ganguly}) 13... Bg5+ 14. Kb1 Nd7 15. g3 $44) (12... Bh6
$6 13. g4 Bf4 (13... Bxd5 14. Qxd5 Bf4 15. Qxb7 $16) 14. Nxf4 exf4 15. O-O-O
Qb6 16. Qd4 $16) 13. O-O-O Bxd5 14. Qxd5 Qb6 {Compared to Delchev-Sutovsky
white's pawn is already on h4.} (14... Qc7 15. g4 Nd7 16. g5 Rac8 17. Qd3 $14)
15. Bc4 {White should take control on d5-otherwise black may seize the
initiative by the standard breakthrough d6-d5.} Nd7 (15... Nc6 $6 16. Rd2 Nb4 (
16... a5 17. a4 $14) 17. Qa5 $14) 16. Rd2 {The point is that now ''g5'' spot
is under control, so white may consolidate his position by this simple move.
At the same time, it looks like black has a comfortable play anyway.} (16. Qd2
Nf6 17. f3 Rfc8 18. Bd5 a5 $132) 16... Nf6 {That was played after a deep
thinking. Black starts an immediate counterattack.} ({The alternative was:} 
16... Qc7 $5 17. Qd3 b5 18. Bd5 Rab8 19. Kb1 a5 $132 {with an acceptable play.}
) 17. Qd3 a5 $1 {A standard way of counterplay - white has to deal with
a5-a4-a3, while Nb3 doesn't feel comfortably.} 18. a3 (18. a4 $2 Qc6 {[%csl
Ra4,Re4]}) 18... Rfc8 $6 {A strange move. Now white gets a good opportunity of
improving the placement of his knight.} ({More to the point was a logical
continuation of black's previous move:} 18... a4 $5 19. Na1 Rac8 (19... d5 20.
Bxd5 (20. exd5 e4 21. Qe2 Bd6 $44) 20... Nxd5 21. exd5 Bc5 $132) 20. Ba2 Rc5
$132 {[%cal Gf8d8,Gd6d5] and black's counterplay cannot be understated.}) 19.
Re2 Qc7 $6 {As it usually happens, mistakes are don't come alone. That move is
a simple loss of time, as the queen should be on c6 anyway.} ({Better was:} 
19... Rc7 $142 20. Nd2 Rac8 $132) ({or} 19... a4 $142 20. Nd2 Ra5 $132 {
[%cal Gb6c6]}) 20. Nd2 a4 ({I have also considered an opportunity of:} 20... b5
21. Bxb5 d5 22. exd5 (22. Ba4 $5) 22... Nxd5 23. g3 Bxa3 24. bxa3 (24. Nc4 $2
Bxb2+ $1 25. Kxb2 (25. Nxb2 Nb4 $19) 25... Qc5 $19) 24... Nc3 25. Bc4 Nxe2+ 26.
Qxe2 $14 {with a very complicated position, where white's chances should be
better.}) 21. Kb1 Ra5 22. Ba2 Rc5 23. c3 $14 {White has consolidated his
position. He is ready to start a dangerous attack on the kside, using the
power of Ba2.} Rd8 (23... Qc6 $5) 24. Qc2 b5 {Black's main problem is a
defecit of counterplay. The main idea of the text move is creating a strong
outpost on c4, which can be used by the knight after Ng6-d7-b6-c4.} 25. Rg1 $5
{[%cal Gg2g4] That move looks a bit primitive,but it's not easy to prevent
white from advancing his ''g'' pawn.} (25. Nf3 Rd7 26. Ng5 Bf8 $132) 25... Qc8
(25... Nd7 {can be strongly met by:} 26. Nf1 $1 {(Ganguly)} (26. g4 Nb6 27. g5
Nc4 $132) 26... Nb6 27. Ne3 Bxh4 28. g3 $44 {[%cal Gf2f4] with a full
compensation for a pawn.}) 26. f3 d5 {That move is practically forced, as
black cannot wait anymore.} (26... Nh5 27. g3 $36) 27. exd5 (27. g4 $2 d4 $19)
27... Nxd5 28. Ne4 Rc7 (28... b4 $2 {leads to a very hard endgame after:} 29.
Bxd5 Rcxd5 30. cxb4 Qxc2+ 31. Rxc2 Bxh4 32. Nc3 $16) 29. Rd1 $2 {The position
is very sharp, so every move can change the situation.} ({White could reach a
great advantage by:} 29. Ng5 $142 $1 Bxg5 (29... g6 30. Rxe5) 30. hxg5 b4 (
30... Nxc3+ 31. bxc3 Rxc3 32. Qe4 Rcd3 33. Rc2 Qd7 34. Rgc1 $16) 31. Bxd5 Rxd5
32. axb4 a3 33. Rge1 $16) 29... Rcd7 30. g3 $6 $138 {An additional mistake,
which allows black to win the queen!} (30. Bxd5 $142 Rxd5 31. Rxd5 Rxd5 32. Rd2
Rxd2 33. Qxd2 $15) 30... g6 $2 $138 ({Black could win a queen after:} 30... Nb4
$1 31. Rxd7 Nxc2 32. Rxe7 b4 $1 {(That move was overlooked by both of the
opponents in the zeitnot)} 33. Bxf7+ (33. Re8+ Rxe8 34. Bxf7+ Kf8 35. Bxe8
Nxa3+ $1 36. bxa3 Qc4 $19) (33. Rxc2 b3 34. Bxb3 axb3 $17) 33... Kf8 34. Rxe5 (
34. Be6 b3 $19) 34... Nxa3+ (34... b3 $2 35. Bd5) 35. bxa3 bxc3 $17) 31. Qc1 $2
{A profilactic against Nd5-e3 or Nd5-b4.} ({At the same time white could
develop a serious initiative after:} 31. h5 $1 gxh5 (31... Ne3 $2 32. Rxd7 Nxc2
33. Rxe7 $18 {[%csl Rf6,Rg8][%cal Ge4f6]}) (31... Kg7 32. hxg6 hxg6 33. Rh1 f5
34. Nf2 $36) 32. Rh1 $36) 31... Kg7 (31... h5 $5) 32. Red2 $2 {An additional
mistake - after the exchange of all the rooks white couldn't pretend on any
attack anymore.} (32. h5 $142) 32... Nb6 33. h5 Rxd2 34. Rxd2 f5 {Seizing
space and pushing white's knight from the centre.} 35. h6+ {This pawn will be
very vulnerable in the endgame!} ({White should play more accurately:} 35. Rxd8
Qxd8 36. Nf2 $15) 35... Kf8 36. Qf1 (36. Rxd8+ Qxd8 37. Nf2 Bc5 38. Qd1 Qxd1+
39. Nxd1 Ke7 40. Kc2 (40. Bg8 Nd7 $17) 40... Kf6 41. Bg8 Nd7 $17) 36... Nc4 $1
$17 {Suddenly black has got a clear advantage: his pieces are more active,
while white's pawns can be easily attacked.} (36... Rxd2 $143 37. Nxd2 Qd7 (
37... Qc6) 38. Qf2 $1 $15) 37. Bxc4 bxc4 38. Rxd8+ Qxd8 39. Nf2 Qd5 ({Deserved
attention also:} 39... Qd2 $5 40. Ka2 Qc2 $1 {[%cal Ge7a3] (Sutovsky,E)} 41.
Qxc4 Qxf2 42. Qc8+ Kf7 43. Qh8 Qxg3 44. Qxh7+ Kf6 45. Qg7+ Kg5 46. Qxe7+ (46.
h7 Bf6) 46... Kxh6 $17) 40. Qe2 Bc5 $2 {Missing great winning chances!} ({
There was no reason not to take an important pawn:} 40... Bg5 41. Qc2 $1 {
(the only way to continue the fight)} Qxf3 (41... Bxh6 42. Qxa4 Be3 43. Nd1 Bg5
44. Ka2 $17) 42. Qxa4 Bxh6 $1 (42... Qxf2 $2 43. Qa8+ Kf7 (43... Ke7 44. Qb7+
Kd6 45. Qa6+) 44. Qd5+ $11) (42... Be7 $2 43. Qxc4 $1 Qxf2 44. Qc8+ Kf7 45. Qh8
Ke6 46. Qxh7) 43. Qb4+ Kf7 44. Qxc4+ Kf6 $17 {and white is in troubles.}) 41.
g4 $1 $132 Bxf2 {According to the match situation, this was the most safe
decision, as I was short on time, while the Kf8 is in danger.} (41... Kf7 42.
Ka2 Bf8 43. gxf5 gxf5 44. f4 $1 $132 e4 $140 $2 45. Qh5+ Ke7 46. Ng4 $36) 42.
Qxf2 Qd1+ 43. Ka2 Qb3+ 1/2-1/2

[Event "Qatar Masters op"]
[Site "Doha"]
[Date "2015.12.26"]
[Round "6"]
[White "Ivanchuk, Vassily"]
[Black "Esen, Baris"]
[Result "1-0"]
[WhiteElo "2710"]
[BlackElo "2562"]
[Annotator "Sagar Shah/CB Website"]
[PlyCount "103"]
[EventDate "2015.12.20"]
[EventType "swiss"]
[EventRounds "9"]
[EventCountry "QAT"]
[SourceTitle "CBM 170"]
[Source "ChessBase"]
[SourceDate "2016.01.15"]
[SourceVersion "1"]
[SourceVersionDate "2016.01.15"]
[SourceQuality "1"]

1. e4 c5 2. Nf3 d6 3. d4 cxd4 4. Nxd4 Nf6 5. Nc3 a6 6. Be2 e5 7. Nb3 Be7 8. Bg5
Be6 9. Bxf6 Bxf6 10. Qd3 O-O 11. O-O-O Be7 12. Nd5 Bxd5 13. Qxd5 Qc7 14. Bg4
Nc6 15. Kb1 Rfd8 {This position is typical for the Be2-Bg5 system in the
Najdorf. However, we should learn from the great Vassily Ivanchuk who
completely outplayed his opponent from this point onwards.} 16. a3 {Stopping ..
.Nb4.} Bf6 17. Rd3 Qb6 18. Rf1 Rab8 19. g3 {A useful move – it can be
helpful to gain space with f4 as well as h4.} Nd4 20. Na5 $1 {The knight is
coming to c4 and the d4 knight can be kicked away at some point with c3.} Nc6
21. Nc4 Qc7 22. Ne3 {[%csl Gd5][%cal Gb3a5,Ga5c4,Gc4e3] You can see how the
knight made its route from b3-a5-c4-e3 and is now looking at the juicy hole on
d5.} (22. Nxd6 $2 Nd4 $17) 22... Ne7 23. Qc4 Qa5 24. Rfd1 b5 25. Qb4 Qxb4 26.
axb4 {A strategic victory for White who has left Black with absolutely no
counterplay and lots of weaknesses.} Rb6 27. h4 {Stopping ...Bg5 just in case.}
g6 28. Rc3 Rb7 $6 (28... d5 $1 {Good or bad this was a chance to activate his
pieces as after} 29. Nxd5 (29. exd5 e4 30. Rc7 Rbd6 {White is surely better
here but Black keeps an eye on the d5-pawn and at least has some play.} 31. f4
$1 Nxd5 32. Rc8 $1 $18) 29... Nxd5 30. exd5 Be7 {Black attacks the b4-pawn,
and in this opposite coloured bishop endgame the drawing chances are pretty
good.}) 29. Bh3 h5 30. f3 Bg7 31. g4 Bh6 32. g5 Bf8 33. Ra3 Rb6 34. c3 $1 {
Ivanchuk now shifts his attention to the a6-pawn. But not too soon. He will
first make sure that d6-d5 is not possible.} Ra8 35. Kc2 Kg7 36. Kd3 Ra7 (36...
f6 {Black should play this. But here too it is not clear how to create
counterplay.}) 37. Ke2 Ra8 38. Kf2 Ra7 39. Rda1 Ra8 40. Ra5 Ra7 41. Ke1 Kg8 {
The next task is to relocate the bishop is such a manner as to control the
d5-square.} 42. Bf1 Nc6 43. R5a2 Ne7 44. Bd3 Kg7 45. Ke2 Kg8 46. Bc2 Bg7 47.
Kf2 Kf8 48. Bd3 Ke8 49. Nd5 $1 Nxd5 (49... Rc6 50. Bxb5 $18) 50. exd5 {The
problem is that there is no way to stop Ra5 followed by Bxb5 and the a6-pawn
also falls.} Bf8 51. Ra5 Be7 52. Bxb5+ {A smooth positional victory by
Ivanchuk.} 1-0

[Event "Sarajevo Bosnia 29th"]
[Site "Sarajevo"]
[Date "1999.05.23"]
[Round "6"]
[White "Shirov, Alexei"]
[Black "Topalov, Veselin"]
[Result "1-0"]
[WhiteElo "2726"]
[BlackElo "2700"]
[Annotator "Shirov,A"]
[PlyCount "151"]
[EventDate "1999.05.17"]
[EventType "tourn"]
[EventRounds "9"]
[EventCountry "BIH"]
[EventCategory "19"]
[SourceTitle "CBM 071"]
[Source "ChessBase"]
[SourceDate "1999.08.01"]
[SourceVersion "1"]
[SourceVersionDate "1999.08.01"]
[SourceQuality "1"]

1. e4 c5 2. Nf3 d6 3. d4 cxd4 4. Nxd4 Nf6 5. Nc3 a6 6. Be3 Ng4 7. Bc1 {After
my second round game against Kasparov I wasn't very convinced about} (7. Bg5)
7... Nf6 8. Be2 e5 9. Nb3 Be7 10. O-O O-O 11. Be3 {I used to employ} (11. Kh1 {
but now decided to go for the line that Svidler and Short like among others.})
11... Be6 12. Nd5 Nbd7 13. Qd3 {The idea is to make quick threats against the
d6 pawn (by exchanging on e7 and putting the rook on d1). Black's reply is now
forced.} Bxd5 14. exd5 Nc5 15. Qd2 Nfe4 16. Qb4 b6 $5 $146 {A new and
interesting continuation.} (16... a5 {was known but it weakens the White
squares on the queenside.}) 17. f3 $5 {Here I thought for some forty minutes.
Nothing really attracted me, for example} (17. Nxc5 Nxc5 18. a4 a5 $5 19. Qb5
Bg5 $5 20. Bxg5 Qxg5 21. Qxb6 Qe7 $44) 17... Nf6 18. Qd2 Qd7 $5 {Now I can
repeat the queen's trip to b4 but already attacking the b6 pawn. An
alternative would be} (18... Nh5 $5) 19. f4 $1 Nfe4 20. Qb4 Rfb8 $1 21. Nxc5 $6
{Losing the touch. I should play} (21. Bf3 $5 {with a very unclear position.})
21... Nxc5 22. fxe5 $6 dxe5 23. Rad1 Bd6 $1 24. Qh4 Rf8 $1 $15 {Here I
realised that besides not having any advantage I was also running the risk to
get an inferior position. Now Black wants to play f5 which immediately was not
good:} (24... f5 25. b4 Na4 26. Rxf5 $1 Qxf5 27. Bd3 {and Black is under fire.}
) 25. g4 $1 Qa4 $1 26. c4 $1 {Forced.} (26. c3 $2 f5 $1 27. b4 Ne4 $17 {
is curtains.}) 26... Qc2 $6 {By not taking the pawn Black also gives White the
initiative. It would be extremely difficult to prove White's compensation after
} (26... Qxa2 $1 {but having analysed a great deal I think I managed it:} 27.
Rf3 $1 (27. Rd2 $2 Rae8 $17) 27... Qxb2 28. Rh3 h6 $1 (28... Qc2 $6 29. Rd3 $1
(29. Rf1 $2 f6) 29... Qb1+ (29... h6 30. Bxh6 Qxe2 $2 31. Bxg7 $18) 30. Bf1 h6
31. Bxh6 Nxd3 32. Be3 $40) 29. g5 $1 (29. Bxh6 $2 Qxe2) 29... f6 (29... Be7 30.
Qg4 $44) 30. Bg4 $1 (30. g6 $2 f5) (30. gxh6 $2 Qxe2 31. Re1 (31. Rd2 g5 32.
Bxg5 Qf1+ $3 33. Kxf1 fxg5+ 34. Qf2 Ne4 $19) 31... g5 $1 32. Bxg5 Qxe1+ 33.
Qxe1 fxg5 $17) 30... fxg5 31. Bxg5 Qc2 $1 (31... Ra7 $2 32. Bxh6 gxh6 33. Qxh6
Qf2+ 34. Kh1 Qf6 35. Qh5 Rff7 36. Rg1 Kf8 37. Rf3 Qg7 38. Bf5 Qf6 39. Rg6 $18)
32. Bxh6 Qh7 33. Be3 Qxh4 34. Rxh4 {[#] Black is still pawn up and he has also
exchanged queens but I think that White holds enough fighting resources not to
lose the game. I think the assessment of this position is critical for the
overall evaluation of the 26...Qxa2 line.}) 27. Rd2 Qe4 28. Qh3 $1 $14 a5 29.
b3 {White's pieces are now better consolidated so he is not in hurry.} Qg6 30.
Kh1 Qe4+ 31. Kg1 Qg6 32. g5 $1 {Probably the best way to keep fighting for the
advantage.} Ne4 33. Bd3 {The temptation to win his queen was extremely high,
so I didn't realise that} (33. Bh5 $142 $1 {(which I saw, of course, as well)}
Nxg5 34. Qg4 Nh3+ 35. Kh1 Qxg4 36. Bxg4 Nf4 37. Bxb6 f5 38. Bd1 $14 {would be
a better option.}) 33... Nxg5 $8 34. Bxg5 e4 $1 (34... Qxg5+ $4 35. Rg2 $18)
35. Rg2 exd3 36. Bf6 $1 (36. Be7 Bxe7 37. Rxg6 hxg6 38. Qxd3 Bc5+ 39. Kg2 Rae8
$132) 36... gxf6 37. Qxd3 $14 Rae8 38. Rxf6 Bc5+ $1 39. Kh1 (39. Kf1 $4 Re1+
40. Kxe1 Qxg2 $19) 39... Re3 40. Qd1 (40. Qd2 $5 Rfe8 41. Rf1) 40... Rfe8 $1
41. Rgxg6+ $1 {Good that the time-trouble ended right before this move.
Otherwise I might have gone for the line} (41. Rf1 Qxg2+ $1 42. Kxg2 Re2+ 43.
Kh1 Bd6 {and the immediate draw is the most likely outcome, for instance} 44.
Qd4 Rxh2+ 45. Kg1 Ree2 (45... Bc5 $5 46. Qxc5 bxc5 47. Kxh2 $13) 46. Qg4+ Kf8
47. Qc8+ Kg7 48. Qg4+ $11) 41... hxg6 42. Rf1 {So, I gained an important tempo
comparing to the last variation but I also improved his pawn structure. Black
can probably hold this position but I still hoped for practical chances. And
my hopes weren't in vain.} R8e7 43. Qg4 Kg7 44. Qh4 f5 $6 ({The day after
Topalov suggested} 44... Kg8 $1 45. Qf6 Rd3 $44) 45. Rd1 $1 {It's extremely
important to take the d3 square from Black's rook. Now his king is more
exposed than before, so his chances are mainly in activity. White is required
a high level of precision in his calculations.} R3e4 (45... R7e4 $142 46. Qd8
f4 47. Qc7+ $1 $14 Kh6 $140 48. Qf7) 46. Qg3 Kf7 47. Qb8 $1 Re8 48. Qc7+ R4e7
49. Qg3 (49. Qc6 $5 Rd8 $140 50. a3 $1 (50. d6 $2 Red7) 50... Rd6 51. Qa4 $16)
49... Re3 50. Qh4 $1 R3e4 51. Qh7+ Kf6 52. Qc7 $1 $16 g5 (52... Re1+ 53. Rxe1
Rxe1+ 54. Kg2 g5 55. Qc6+ $1 Kf7 (55... Ke7 56. Qg6 $1 g4 57. Kg3 $16) 56. d6
$16) 53. Qc6+ Kg7 54. d6 {Finally this pawn moves forward. If the tricks don't
work, the game should be over for Black.} g4 55. Rf1 $1 Rf4 (55... Re1 56. Qd7+
$18) 56. Rg1 Bxg1 57. Qxe8 Bd4 58. Qe2 $1 {In the second time-trouble I nearly
overlooked} (58. Kg2 $2 Rf2+ 59. Kg3 Rf3+ 60. Kh4 $4 (60. Kg2 $11) 60... Bf6+
61. Kh5 Rh3#) 58... Re4 59. Qd2 Kf7 60. d7 Ke7 61. Qg5+ Kxd7 (61... Ke6 62.
d8=N+ $1 $18 {looked amusing to me.}) 62. Qxf5+ Re6 63. Qxg4 $18 {The active
pawns are finally taken and the rest is just technic.} Bc5 64. h4 Ke7 65. Qg7+
Ke8 66. h5 Bf8 67. Qb7 Rf6 68. Kg2 Be7 69. Kg3 Kf8 70. Kg4 Rh6 71. Qa8+ Kf7 72.
Qd5+ Kf8 73. Qd2 Rd6 74. Qe3 Kf7 75. c5 bxc5 76. Qxc5 1-0